Normal view
MARC view
Entry Personal Name
001 - CONTROL NUMBER
- control field: 1238283
003 - CONTROL NUMBER IDENTIFIER
- control field: OSt
005 - DATE AND TIME OF LATEST TRANSACTION
- control field: 20260430150721.0
008 - FIXED-LENGTH DATA ELEMENTS
- fixed length control field: 260430|| aca||aabn | a|a d
040 ## - CATALOGING SOURCE
- Original cataloging agency: OSt
- Transcribing agency: OSt
100 ## - HEADING--PERSONAL NAME
- Personal name: Sowmya G. Au.; P.B. Kanna Kumar Gu
670 ## - SOURCE DATA FOUND
- Source citation: Work cat.: (OSt)1850454: Sowmya G. Au.; P.B. Kanna Kumar Gu., An Analytical Study of Few Ragas Created by Select Prominent Posttrinity Composers (Vaggeyakaras)of the 19th and 20th Century, 2023
